000 00347nam a2200145Ia 4500
008 150201s2010 xx 000 0 und d
082 _a618.2
_bW10C
100 _aCUNNINGHAM , F. GARY
245 _aWILLIAMS OBSTETRICS
250 _a23RD
260 _bMC GROW HILL
_aNEW YORK
_c2010
300 _a1-1385
650 _aOBS. & GYN
942 _2ddc
_cBK
999 _c1702
_d1702